5HLuxD.jpg

KING HENRY VIII SENIOR AND PRIMARY SCHOOL LIBRARY OPAC

The monster story-teller / (Record no. 2233)

000 -LEADER
fixed length control field 00789nam a2200253 a 4500
001 - CONTROL NUMBER
control field 017850946
003 - CONTROL NUMBER IDENTIFIER
control field UkOxU
005 - DATE AND TIME OF LATEST TRANSACTION
control field 20230405083034.0
008 - FIXED-LENGTH DATA ELEMENTS--GENERAL INFORMATION
fixed length control field 071210r20081997enka j 000 1 eng d
015 ## - NATIONAL BIBLIOGRAPHY NUMBER
National bibliography number GBA7A1725
Source bnb
020 ## - INTERNATIONAL STANDARD BOOK NUMBER
International Standard Book Number 9780552557870 (pbk.) :
035 ## - SYSTEM CONTROL NUMBER
System control number (Uk)014469545
040 ## - CATALOGING SOURCE
Original cataloging agency StDuBDS
Language of cataloging eng
Transcribing agency StDuBDS
Modifying agency KH8
082 04 - DEWEY DECIMAL CLASSIFICATION NUMBER
Classification number 823.914 WIL
Edition number 22
100 1# - MAIN ENTRY--PERSONAL NAME
Personal name Wilson, Jacqueline.
Relator term author
245 14 - TITLE STATEMENT
Title The monster story-teller /
Statement of responsibility, etc. Jacqueline Wilson ; illustrated by Nick Sharratt.
260 ## - PUBLICATION, DISTRIBUTION, ETC.
Place of publication, distribution, etc. London :
Name of publisher, distributor, etc. Corgi Pups,
Date of publication, distribution, etc. 2008.
300 ## - PHYSICAL DESCRIPTION
Extent 59 p. :
Other physical details ill. ;
Dimensions 20 cm.
500 ## - GENERAL NOTE
General note Originally published: London : Doubleday, 1997.
650 #0 - SUBJECT ADDED ENTRY--TOPICAL TERM
Topical term or geographic name entry element Monsters
Form subdivision Juvenile fiction.
655 #0 - INDEX TERM--GENRE/FORM
Genre/form data or focus term Children's stories.
700 1# - ADDED ENTRY--PERSONAL NAME
Personal name Sharratt, Nick.
Relator term illustrator
942 ## - ADDED ENTRY ELEMENTS (KOHA)
Source of classification or shelving scheme
Koha item type Books - Non Ficton
Holdings
Withdrawn status Lost status Source of classification or shelving scheme Damaged status Not for loan Collection code Permanent Location Current Location Shelving location Date acquired Total Checkouts Full call number Barcode Date last seen Date last checked out Price effective from Koha item type
          Non-Fiction KH8 Primary School Library KH8 Primary School Library Non Fiction 2023-04-05 6 823.914 WIL KHPL000003978 2025-12-05 2024-09-05 2023-04-05 Books - Non Ficton

Powered By KH8 IT Dept